Statistics for Random Knowledge Quiz #15

Click here to take the quiz!

General Stats

  • This quiz has been taken 100 times
  • The average score is 6 of 15

Answer Stats

QuestionAnswer% Correct
Name one of the three colors used in a printer.Cyan, magenta, and yellow
82%
What is the tallest and largest penguin?Emperor penguin
74%
What country has been the most popular tourism destination for over 30 years?France
73%
Who holds the record for the fastest rap song?Eminem
70%
Something old, something new, something borrowed, and something... what?Blue
69%
Irish Coffee contains coffee, sugar, cream and...?Irish Whiskey
67%
What is the English translation of the Latin phrase "Requiescat in pace"?Rest In Peace
65%
Who is the King of the Koopas?Bowser
31%
If nothing is blocking the view, how far can the human eye approximately see before the Earth starts to curve?3 miles / 5 kilometers
24%
What was Barbie's first ever job?Teenage fashion model
21%
What company bought Nokia's mobile and devices division in 2013?Microsoft
15%
What was the largest stadium in ancient Rome called?Circus Maximus
14%
Who are you calling if you dial 555-2368?The Ghostbusters
13%
Where can you find the biggest national park in the world?Greenland
10%
What is the stage right before frostbite?Frostnip
5%

Score Distribution

Percentile by Number Answered

Percent of People with Each Score

Your Score History

You have not taken this quiz